书目信息 |
| 题名: |
今日台湾教育
|
|
| 作者: | 曲士培 编著 ;曲士培 编著 | |
| 分册: | ||
| 出版信息: | 太原 山西教育出版社 1999.1 |
|
| 页数: | 158页 | |
| 开本: | 32开 | |
| 丛书名: | 台湾教育研究丛书 | |
| 单 册: | ||
| 中图分类: | G527.58-51 | |
| 科图分类: | ||
| 主题词: | 教育事业--世界 | |
| 电子资源: | ||
| ISBN: | 7-5440-1405-3 | |
| 000 | 00762nam0 2200241 45 | |
| 001 | 0012041504 | |
| 005 | 20031219104047.9 | |
| 010 | @a7-5440-1405-3@dCNY6.60 | |
| 100 | @a20001204d1999 km y0chiy0120 ea | |
| 101 | 0 | @achi |
| 105 | @a z 000yy | |
| 200 | 1 | @a今日台湾教育@AJin Ri Tai Wan Jiao Yu@f曲士培编著@FQu Shi Pei Bian Zhu |
| 210 | @a太原@c山西教育出版社@d1999.1 | |
| 215 | @a158页@d32开 | |
| 225 | @a台湾教育研究丛书@f张学书,曲士培主编 | |
| 410 | @12001 @a台湾教育研究丛书 | |
| 410 | @1700 0@a曲士培@AQu Shi Pei@4主编@a张学书@AZhang Xue Shu@4主编 | |
| 606 | 0 | @a教育事业@y世界 |
| 690 | @aG527.58-51@v1 | |
| 701 | 0 | @a曲士培@4编著 |
| 702 | 0 | @a曲士培@AQu Shi Pei@4编著 |
| 801 | @aCN@bTSTC@c20001204 | |
| 905 | @b293599-603@dG527.58-51@e54:1@f5 | |
| 今日台湾教育/曲士培编著.-太原:山西教育出版社,1999.1 |
| 158页;32开.-(台湾教育研究丛书/张学书,曲士培主编) |
| ISBN 7-5440-1405-3:CNY6.60 |
| ● |
| 相关链接 |
|
|
|
|
正题名:今日台湾教育
索取号:G527.58-51/54:1
 
预约/预借
| 序号 | 登录号 | 条形码 | 馆藏地/架位号 | 状态 | 备注 |
| 1 | 0293599 | 002935998 | 第四借阅区/ [索取号:G527.58-51/54:1] | 在馆 | |
| 2 | 0293600 | 002936005 | 第四借阅区/ [索取号:G527.58-51/54:1] | 在馆 | |
| 3 | 0293601 | 002936014 | 密集书库/ [索取号:G527.58-51/54:1] | 在馆 | |
| 4 | 0293602 | 002936023 | 密集书库/ [索取号:G527.58-51/54:1] | 在馆 | |
| 5 | 0293603 | 002936032 | 第一样本阅览室/ [索取号:G527.58-51/54:1] | 在馆 |